| 000 | 00717nam a22001937a 4500 | ||
|---|---|---|---|
| 003 | BD-DhUL | ||
| 005 | 20170517151007.0 | ||
| 008 | 160504s2002 bg a|||| b||| 000 0 ben d | ||
| 040 |
_aBD-DhUL _cBD-DhUL |
||
| 082 |
_a891.443 _bMAU |
||
| 100 | 1 | _a মজুমদার ,কমল কুমার | |
| 245 | 1 | 0 |
_aউপন্যাসসমগ্র- ২ / _cআল মাহমুদ |
| 260 |
_aঢাকা : _bসময় , _c২০০১. |
||
| 300 |
_a ৫১৭ পৃ. : _bচিত্র ; _c২১ সে. মি. |
||
| 504 | _aগ্রন্থপঞ্জিগত তথ্য সংবলিত | ||
| 650 | _aবাংলা উপন্যাস | ||
| 650 | _aBengali Fiction | ||
| 942 |
_2ddc _cBK |
||
| 999 |
_c198624 _d198624 |
||